000 00691nam a22002057a 4500
999 _c12548
_d12548
003 AR-CdUCM
008 190409b ||||| |||| 00| 0 spa d
040 _aMUNICIPALIDAD PROVINCIAL DEL CUSCO
_cBIBLIOTECA MUNICIPAL DEL CUSCO
082 _aC/ 913.85 /
_bP26 / 1937
100 _aMemoria del jefe del instituto Arqueologíco del Cuzco
_930428
245 _aMemoria del jefe del instituto Arqueologíco del Cuzco /
260 _aCusco :
_bCusco imperial,
_c1937-
300 _a16 paginas ;M
_c23 cm
505 _aContenido :Instituto Arqueológico /
650 _aCultura
_9126
650 _aArqueología
_9371
650 _aCusco
_9772
942 _2ddc
_cPP
945 _arjall
_d2019-04-09